Vista normal
Vista MARC
Entrada Materia (personas)
Número de registros utilizados en: 1
001 - CONTROL NUMBER
- control field: 99686
003 - CONTROL NUMBER IDENTIFIER
- control field: Co-BoUCM
005 - DATE AND TIME OF LATEST TRANSACTION
- control field: 20200128085927.0
008 - FIXED-LENGTH DATA ELEMENTS
- fixed length control field: 200128|| aca||aabn | a|a d
040 ## - CATALOGING SOURCE
- Original cataloging agency: Co-BoUCM
100 1# - HEADING--PERSONAL NAME
- Personal name: Hollensen, Svend